000 01357nam a22003977a 4500
003 CHAP
005 20220329133051.0
008 971013s1991 r 00010 d
010 _a1788
011 _a2760
035 _a1960
040 _cCHAP
090 _aTesis
100 0 0 _aSalgado García, Sergio.
_9101585
245 _aManejo de la fertilización nitrogenada en arroz de temporal en la Chontalpa, Tabasco
260 _aMontecillo, Méx. :
_bEl autor,
_c1991
300 _a163 h.
_b: ilus.
500 _aD43-65
502 _aTesis (M.C. Esp. en Edafología) -- Centro de Edafología
590 _aALEPH
_b10
_c20130110
_lUCH01
_h1209
590 _aBATCH-UPD
_b10
_c20130110
_lUCH01
_h0011
590 _aBATCH-UPD
_b10
_c20130110
_lUCH01
_h1031
590 _aBATCH-UPD
_b10
_c20130409
_lUCH01
_h1948
590 _aBATCH-UPD
_b10
_c20130410
_lUCH01
_h0634
590 _aBATCH-UPD
_b10
_c20130913
_lUCH01
_h2139
590 _aCONVERSION
_b10
_c20130109
_lUCH01
_h1302
650 1 4 _aAgricultura de temporal.
_91999
650 1 4 _aArroz
_xRendimiento.
_97651
650 1 4 _aFertilizantes nitrogenados.
_940596
650 1 4 _aFertilizantes
_xEfecto en arroz.
_940479
650 1 4 _aNitrógeno
_xEfecto en arroz.
_981409
901 _aBK
942 _cFOLL
949 _bBC
_cTES
_d-11454
_eTS1
_h23708
_i1960
_si
949 _bBC
_cTES
_d-70080
_eTS2
_fc.2
_h23709
_i1960
_si
999 _c1788
_d1788